Statistiques concernant Les Tableaux du prime #1 - Star Académy 2023

Cliquez ici pour prendre le quiz!

Statistiques générales

  • Ce quiz a été pris 267 fois
  • Le résultat moyen est 25 sur 43

Statistiques - réponses

Réponse% Correct
AcadémiciensLouis
94%
Anciens académiciensLouis Albi
94%
AcadémiciensJulien
92%
AcadémiciensPierre
92%
AcadémiciensHéléna
91%
AcadémiciensAxel
89%
AcadémiciensLénie
89%
AcadémiciensClara
88%
AcadémiciensDjebril
88%
AcadémiciensLola
88%
AcadémiciensMargot
88%
AcadémiciensVictorien
88%
AcadémiciensCandice
87%
Anciens académiciensAnisha Jo
86%
AcadémiciensMarie-Maud
86%
Anciens académiciensEnola Cox
84%
Anciens académiciensLéa Haddad
79%
ChansonsShallow
74%
Interprète originalLady Gaga
67%
Interprète originalBradley Cooper
61%
Artiste internationalDavid Guetta
61%
ChansonsDernière danse
53%
ChansonsLes filles d'aujourd'hui
53%
Interprète originalVianney
53%
Interprète originalIndila
52%
ChansonsLe monde est stone
51%
Interprète originalJoyce Jonathan
44%
Interprète originalJohnny Hallyday
43%
ChansonsMon coeur
43%
ChansonsGirl On Fire
42%
ChansonsJe te promets
42%
Interprète originalAlicia Keys
37%
ChansonsSi je m'en sors
35%
Interprète originalJulie Zénatti
29%
ChansonsAin't No Mountain High Enough
24%
ChansonsI'm Good (Blue)
17%
Interprète originalMarvin Gaye
16%
Interprète originalFabienne Thibeault
14%
Interprète originalTammi Terrell
10%
Interprète originalIzïa Higelin
9%
ChansonsMemories
8%
ChansonsBaby Don't hurt me
6%
ChansonsWhen we were young
5%

Distribution des résultats

Percentile par nombre de réponses

% des personnes avec chaque résultat

Votre développement - résultats

Vous n’avez pas pris ce quiz